| 000 | 00637nac a22001691u 4500 | ||
|---|---|---|---|
| 008 | 101003s1990 xxu||||| |||| 00| 0 ara d | ||
| 020 | _a9770124818 | ||
| 082 |
_a227 _bز ي د |
||
| 100 | 1 |
_aأبوزيد ، نصر حامد _920031 |
|
| 245 |
_aمفهوم النص : _bدراسة في علوم القرآن / _cنصر حامد ابو زيد |
||
| 260 |
_aالقاهرة : _bالهيئة المصرية العامة للكتاب ،1990 _c1990. |
||
| 300 |
_a359 ص ؛ _c18 سم. |
||
| 490 |
_920035 _aدراسات أدبية |
||
| 504 | _aببليوجرافية ص 351-356 | ||
| 511 | _aCatalogued by: Sara | ||
| 942 |
_cBB _k227 ز ي د _2ddc |
||
| 999 |
_c6013 _d6013 |
||